50 Most Common Latin Verbs - Statistics

General Stats
  • This quiz has been taken 164 times
  • The average score is 24 of 50
Answer Stats
Hint Answer % Correct
Amo To love
97%
Video To see
97%
Audio To hear
96%
Sum To be
94%
Laboro To work
92%
Dormio To sleep
91%
Moveo To move
89%
Habeo To have
88%
Dico To say
81%
Venio To come
80%
Porto To Carry
76%
Fero To carry
76%
Scio To know
75%
Credo To believe
73%
Volo To want
71%
Eo To go
64%
Do To give
63%
Pono To put
60%
Sentio To feel
59%
Loquor To speak
57%
Laudo To praise
54%
Doceo To teach
53%
Posum To be able
52%
Rogo To ask
49%
Duco To lead
48%
Occido To kill
47%
Clamo To shout
46%
Nolo To not want
44%
Mitto To send
44%
Cognosco To understand
44%
Iacio To throw
37%
Paro To prepare
33%
Servo To save
31%
Traho To drag
30%
Ostendo To show
30%
Custodio To guard
29%
Moneo To warn
26%
Ago To act
23%
Conor To try
22%
Malo To prefer
21%
Trado To hand over
18%
Maneo To remain
18%
Conspicio To catch sight of
11%
Vereor To fear
10%
Cogo To compel
5%
Moror To delay
5%
Prehendo To seize
4%
Surripio To snatch
3%
Experior To test
3%
Gredior To proceed
0%
No matching quizzes found
Score Distribution
Percent of People with Each Score
Percentile by Number Answered
Your Score History
You have not taken this quiz